Prínos IT očami manažérov

Pre vyspelé ekonomiky 21. storočia už nie je podstatné zvyšovať efektivitu manuálnej práce, dnešná globálna konkurencia súvisí s využívaním informačných technológií, organizačnými zmenami a rastom produktivity. Úspech v biznise závisí od informačných systémov. Vplyv investícií do IT na výnosy očami...

Descrizione completa

Salvato in:
Dettagli Bibliografici
Autore principale: Sudzina, František
Altri autori: Karas, Ľubomír
Natura: Capitolo di libro
Lingua:slovacco
Soggetti:
Tags: Aggiungi Tag
Nessun Tag, puoi essere il primo ad aggiungerne!!

MARC

LEADER 00000naa$a2200000$$$4500
001 0025470
005 20240502071422.4
041 0 |a slo 
044 |a SK 
245 1 0 |a Prínos IT očami manažérov  |c František Sudzina, Ľubomír Karas 
520 |a Pre vyspelé ekonomiky 21. storočia už nie je podstatné zvyšovať efektivitu manuálnej práce, dnešná globálna konkurencia súvisí s využívaním informačných technológií, organizačnými zmenami a rastom produktivity. Úspech v biznise závisí od informačných systémov. Vplyv investícií do IT na výnosy očami manažérov firiem v SR. Výskum potvrdil potrebu nakupovať IT. 
610 2 0 |a technológie informačné 
610 2 0 |a investície 
610 2 0 |a efektívnosť investícií 
610 2 0 |a manažéri 
610 2 0 |a produktivita práce 
100 1 |a Sudzina, František 
700 1 |a Karas, Ľubomír